Нормативность в праве: понятие, интерпретации, взаимосвязь с другими правовыми свойствами (Запись № 13665519)

Подробности
000 -МАРКЕР
контрольное поле 02552nam0a2200409 4500
001 - ИДЕНТИФИКАТОР ЗАПИСИ
контрольное поле RU\NLR\BIBL_A\022330816
005 - ИДЕНТИФИКАТОР ВЕРСИИ
контрольное поле 20260420014848.0
010 ## - МЕЖДУНАРОДНЫЙ СТАНДАРТНЫЙ НОМЕР КНИГИ (ISBN)
Номер (ISBN) 978-5-98620-714-8
Тираж 100
021 ## - НОМЕР ГОСУДАРСТВЕННОЙ РЕГИСТРАЦИИ
Код страны Российская Федерация
Номер КН-П-24-045389
Номер Листа государственной регистраци КН-П-24-4518
035 ## - ДРУГИЕ СИСТЕМНЫЕ НОМЕРА
Идентификатор записи (NLR Aleph) 022330816
100 ## - ДАННЫЕ ОБЩЕЙ ОБРАБОТКИ
Данные общей обработки 20240924d2024 k y0rusy50 ca
101 0# - ЯЗЫК РЕСУРСА
Язык текста, звукозаписи и т.д. русский
102 ## - СТРАНА ПУБЛИКАЦИИ ИЛИ ПРОИЗВОДСТВА
Страна публикации Российская Федерация
105 ## - ПОЛЕ КОДИРОВАННЫХ ДАННЫХ: ТЕКСТОВЫЕ МАТЕРИАЛЫ, МОНОГРАФИЧЕСКИЕ
Кодированные данные о монографическом текстовом документе y z 000 y
181 #0 - ПОЛЕ КОДИРОВАННЫХ ДАННЫХ: ВИД СОДЕРЖАНИЯ
Код вида содержания (ISBD) i
Код характеристики содержания (ISBD) axxe
182 #0 - ПОЛЕ КОДИРОВАННЫХ ДАННЫХ: ТИП СРЕДСТВА
Код типа средства (ISBD) n - непосредственное
200 1# - ЗАГЛАВИЕ И СВЕДЕНИЯ ОБ ОТВЕТСТВЕННОСТИ
Основное заглавие Нормативность в праве: понятие, интерпретации, взаимосвязь с другими правовыми свойствами
Сведения, относящиеся к заглавию коллективная монография
-- к юбилею профессора М. В. Антонова
Первые сведения об ответственности Архипов В. В., д-р юрид. наук, проф., Блохин П. Д., канд. юрид. наук, доц., Варламова Н. В., канд. юрид. наук, доц. [и др.]
Последующие сведения об ответственности под редакцией И. И. Осветимской, Е. Г. Самохиной
-- Юридический факультет НИУ ВШЭ - Санкт-Петербург
203 ## - ВИД СОДЕРЖАНИЯ И ТИП СРЕДСТВА
Вид содержания Текст
Дополнительные сведения об издании визуальный
Тип средства непосредственный
210 ## - ПУБЛИКАЦИЯ, РАСПРОСТРАНЕНИЕ И ДР.
Место издания, распространения и т.д. Санкт-Петербург
Имя издателя, распространителя и т. д. Скифия-принт
Дата издания, распространения и т.д. 2024
215 ## - ФИЗИЧЕСКАЯ ХАРАКТЕРИСТИКА
Специфическое обозначение материала и объем 411, [1] с.
Другие сведения о физической характеристике ил.
Размеры 21
300 ## - ОБЩИЕ ПРИМЕЧАНИЯ
Текст примечания Авт. указаны на обороте тит. с.
320 ## - ПРИМЕЧАНИЯ О НАЛИЧИИ В ДОКУМЕНТЕ БИБЛИОГРАФИИ / УКАЗАТЕЛЯ
Текст примечания Библиогр. в конце гл. и в подстроч. примеч.
606 1# - НАИМЕНОВАНИЕ ТЕМЫ КАК ПРЕДМЕТ
Наименование темы Правовые нормы
Системный номер авторитетной/нормативной записи 900528
Идентификатор авторитетной/нормативной записи RU\NLR\AUTH\667225
686 1# - ИНДЕКСЫ ДРУГИХ КЛАССИФИКАЦИЙ
Индекс Х082.2,0
686 1# - ИНДЕКСЫ ДРУГИХ КЛАССИФИКАЦИЙ
Индекс Х062.05
701 #1 - ИМЯ ЛИЦА - АЛЬТЕРНАТИВНАЯ ОТВЕТСТВЕННОСТЬ
Начальный элемент ввода Архипов
Часть имени, кроме начального элемента ввода В. В.
Расширение инициалов личного имени Владислав Владимирович
701 #1 - ИМЯ ЛИЦА - АЛЬТЕРНАТИВНАЯ ОТВЕТСТВЕННОСТЬ
Начальный элемент ввода Блохин
Часть имени, кроме начального элемента ввода П. Д.
Расширение инициалов личного имени Павел Дмитриевич
701 #1 - ИМЯ ЛИЦА - АЛЬТЕРНАТИВНАЯ ОТВЕТСТВЕННОСТЬ
Графика поля Кириллица
Материалы, к которым относится поле rus
Начальный элемент ввода Варламова
Часть имени, кроме начального элемента ввода Н. В.
Дополнения к именам, кроме дат канд. юрид. наук
Расширение инициалов личного имени Наталия Владимировна
Системный номер авторитетной/нормативной записи 43347
Идентификатор авторитетной/нормативной записи RU\NLR\AUTH\7760416
702 #1 - ИМЯ ЛИЦА - ВТОРИЧНАЯ ОТВЕТСТВЕННОСТЬ
Начальный элемент ввода Осветимская
Часть имени, кроме начального элемента ввода И. И.
Расширение инициалов личного имени Ия Ильинична
Код отношения Редактор
702 #1 - ИМЯ ЛИЦА - ВТОРИЧНАЯ ОТВЕТСТВЕННОСТЬ
Код отношения Объект посвящения
Графика поля Кириллица
Материалы, к которым относится поле rus
Начальный элемент ввода Антонов
Часть имени, кроме начального элемента ввода М. В.
Дополнения к именам, кроме дат канд. юрид. наук
Расширение инициалов личного имени Михаил Валерьевич
Системный номер авторитетной/нормативной записи 131927
Идентификатор авторитетной/нормативной записи RU\NLR\AUTH\770131961
712 02 - НАИМЕНОВАНИЕ ОРГАНИЗАЦИИ - ВТОРИЧНАЯ ОТВЕТСТВЕННОСТЬ
Код отношения Прочие
Начальный элемент ввода "Высшая школа экономики", национальный исследовательский университет
Структурное подразделение Санкт-Петербургский филиал
-- Юридический факультет
Идентифицирующий признак Москва
Системный номер авторитетной/нормативной записи 448152
Идентификатор авторитетной/нормативной записи RU\NLR\AUTH\880391215
942 ## - ДОПОЛНИТЕЛЬНЫЕ ЭЛЕМЕНТЫ ЗАПИСИ (АБИС)
Тип экземпляра АБИС Книга
980 ## - КОЛЛЕКЦИЯ
Название коллекции Национальная библиография

Нет доступных экземпляров.